000
00365nam a22001577a 4500
003
MPLRDC
005
20220104123619.0
008
210129b ||||| |||| 00| 0 eng d
082
_a
220.7 SZL
100
_a
宋泽莱
245
_a
被背叛的佛陀
_c
260
_a
_b
佛法训练中心
_c
300
_b
平
650
_a
佛教杂论
942
_c
BK
_o
220.7 SZL
999
_c
12803
_d
12793